|
|
|
|
| LEADER |
00000nam0a2200000 4500 |
| 001 |
288426 |
| 005 |
20250712062931.0 |
| 010 |
|
|
|a 9785811415878
|
| 035 |
|
|
|a (RuTPU)RU\TPU\book\312894
|
| 090 |
|
|
|a 288426
|
| 100 |
|
|
|a 20150325d2015 k y0rusy50 ca
|
| 101 |
0 |
|
|a rus
|
| 102 |
|
|
|a RU
|
| 105 |
|
|
|a a z 001zy
|
| 200 |
1 |
|
|a Перенос и накопление энергии в системах водород-металл при радиационном воздействии
|e монография
|f А. М. Лидер, В. В. Ларионов, Ю. И. Тюрин
|g Национальный исследовательский Томский политехнический университет (ТПУ)
|
| 210 |
|
|
|a Томск
|c Изд-во ТПУ
|d 2015
|
| 215 |
|
|
|a 249 с.
|c ил.
|
| 320 |
|
|
|a Библиогр.: с. 225-243.
|
| 330 |
|
|
|a Монография посвящена проблеме поиска альтернативных и ресурсоэффективных технологий получения энергии на основе процессов переноса и накопления энергии водородной подсистемой металлов при их облучении. Приведены оригинальные данные, полученные авторами в ходе исследования поведения водорода в металлах и сплавах и сопутствующих им эффектов. Впервые, наблюдаемые эффекты по получению атомов дейтерия высоких энергий, объясняются с позиции накопления энергии по методу гигантского рекомбинационного рассеяния, а также многократного рассеяния плазмонов в ограниченных средах. Монография содержит сведения об реакциях, протекающих в водородной (дейтериевой) подсистеме металлов и сплавах. Обсуждаются методики исследования систем водород-металл для их применения в качестве нераз-рушающего контроля металлов, насыщенных водородом. Подготовлено по результатам работы авторов в Томском политехническом университете. Для научных работников, аспирантов, магистрантов и студентов вузов, интересующихся современными проблемами физики конденсированного состояния, проблемой получения энергии нетрадиционными методами.
|
| 606 |
1 |
|
|a Твердые тела
|x Действие ионизирующих излучений
|2 stltpush
|3 (RuTPU)RU\TPU\subj\58640
|
| 610 |
1 |
|
|a физика
|
| 610 |
1 |
|
|a радиационное воздействие
|
| 610 |
1 |
|
|a водород
|
| 610 |
1 |
|
|a металлы
|
| 610 |
1 |
|
|a перенос
|
| 610 |
1 |
|
|a накопление
|
| 610 |
1 |
|
|a энергия
|
| 610 |
1 |
|
|a электроны
|
| 610 |
1 |
|
|a десорбция
|
| 610 |
1 |
|
|a гигантское комбинационное рассеяние
|
| 610 |
1 |
|
|a насыщенность
|
| 610 |
1 |
|
|a растворимость
|
| 610 |
1 |
|
|a возбужденный водород
|
| 610 |
1 |
|
|a дейтроны
|
| 610 |
1 |
|
|a мишени
|
| 610 |
1 |
|
|a облучение
|
| 610 |
1 |
|
|a электронные структуры
|
| 610 |
1 |
|
|a ядерные процессы
|
| 610 |
1 |
|
|a монографии
|
| 675 |
|
|
|a 539.2:539.1(075.8)
|v 3
|
| 700 |
|
1 |
|a Лидер
|b А. М.
|c физик
|c профессор Томского политехнического университета, доктор технических наук
|f 1976-2025
|g Андрей Маркович
|y Томск
|3 (RuTPU)RU\TPU\pers\25616
|9 11545
|
| 701 |
|
1 |
|a Ларионов
|b В. В.
|c физик
|c профессор Томского политехнического университета, доктор педагогических наук
|f 1945-
|g Виталий Васильевич
|3 (RuTPU)RU\TPU\pers\25193
|9 11273
|
| 701 |
|
1 |
|a Тюрин
|b Ю. И.
|c физик
|c профессор Томского политехнического университета, доктор физико-математических наук
|f 1950-
|g Юрий Иванович
|3 (RuTPU)RU\TPU\pers\19873
|9 7810
|
| 712 |
0 |
2 |
|a Национальный исследовательский Томский политехнический университет (ТПУ)
|c (2009- )
|3 (RuTPU)RU\TPU\col\15902
|
| 801 |
|
1 |
|a RU
|b 63413507
|c 20150325
|
| 801 |
|
2 |
|a RU
|b 63413507
|c 20150403
|g RCR
|
| 942 |
|
|
|c BK
|